The digital cell : (Record no. 612316)

000 -LEADER
fixed length control field 02061cam a22004218i 4500
001 - CONTROL NUMBER
control field 21020974
003 - CONTROL NUMBER IDENTIFIER
control field NUST
005 - DATE AND TIME OF LATEST TRANSACTION
control field 20241115153504.0
006 - FIXED-LENGTH DATA ELEMENTS--ADDITIONAL MATERIAL CHARACTERISTICS
fixed length control field m |o d |
007 - PHYSICAL DESCRIPTION FIXED FIELD--GENERAL INFORMATION
fixed length control field cr |||||||||||
008 - FIXED-LENGTH DATA ELEMENTS--GENERAL INFORMATION
fixed length control field 190612s2019 nyu ob 001 0 eng
010 ## - LIBRARY OF CONGRESS CONTROL NUMBER
LC control number 2019024023
020 ## - INTERNATIONAL STANDARD BOOK NUMBER
International Standard Book Number 9781621822813
Qualifying information (mobi)
020 ## - INTERNATIONAL STANDARD BOOK NUMBER
International Standard Book Number 9781621822806
Qualifying information (epub)
020 ## - INTERNATIONAL STANDARD BOOK NUMBER
Canceled/invalid ISBN 9781621822783
Qualifying information (hardcover)
040 ## - CATALOGING SOURCE
Original cataloging agency DLC
Language of cataloging eng
Transcribing agency DLC
Description conventions rda
Modifying agency DLC
042 ## - AUTHENTICATION CODE
Authentication code pcc
050 00 - LIBRARY OF CONGRESS CALL NUMBER
Classification number QH585.5.D38
082 00 - DEWEY DECIMAL CLASSIFICATION NUMBER
Classification number 572
Edition number 23
100 1# - MAIN ENTRY--PERSONAL NAME
Personal name Royle, Stephen J.,
Relator term author.
9 (RLIN) 126948
245 14 - TITLE STATEMENT
Title The digital cell :
Remainder of title cell biology as a data science /
Statement of responsibility, etc. Stephen J. Royle, University of Warwick.
263 ## - PROJECTED PUBLICATION DATE
Projected publication date 1912
264 #1 - PRODUCTION, PUBLICATION, DISTRIBUTION, MANUFACTURE, AND COPYRIGHT NOTICE
Place of production, publication, distribution, manufacture Cold Spring Harbor, New York :
Name of producer, publisher, distributor, manufacturer Cold Spring Harbor Laboratory Press,
Date of production, publication, distribution, manufacture, or copyright notice [2019]
300 ## - PHYSICAL DESCRIPTION
Extent 1 online resource
336 ## - CONTENT TYPE
Content type term text
Content type code txt
Source rdacontent
337 ## - MEDIA TYPE
Media type term computer
Media type code c
Source rdamedia
338 ## - CARRIER TYPE
Carrier type term online resource
Carrier type code cr
Source rdacarrier
504 ## - BIBLIOGRAPHY, ETC. NOTE
Bibliography, etc. note Includes bibliographical references and index.
505 ## - FORMATTED CONTENTS NOTE
Formatted contents note The Digital Cell Philosophy -- Dealing with Data -- Imaging Data -- Image Processing and Analysis -- Statistics -- Coding -- Putting it Together
520 ## - SUMMARY, ETC.
Summary, etc. "Cell biology is becoming an increasingly quantitative field, as technical advances mean researchers now routinely capture vast amounts of data. This handbook is an essential guide to the computational approaches, image processing and analysis techniques, and basic programming skills that are now part of the skill set of anyone working in the field"--
Assigning source Provided by publisher.
588 ## - SOURCE OF DESCRIPTION NOTE
Source of description note Description based on print version record and CIP data provided by publisher; resource not viewed.
650 #0 - SUBJECT ADDED ENTRY--TOPICAL TERM
Topical term or geographic name entry element Cytology
General subdivision Data processing.
9 (RLIN) 126949
700 ## - ADDED ENTRY--PERSONAL NAME
Relator code Catalouge By Rani Shaista Kanwal
776 08 - ADDITIONAL PHYSICAL FORM ENTRY
Relationship information Print version:
Main entry heading Royle, Stephen J..
Title The digital cell
Place, publisher, and date of publication Cold Spring Harbor, New York : Cold Spring Harbor Laboratory Press, [2019]
International Standard Book Number 9781621822783
Record control number (DLC) 2019024022
906 ## - LOCAL DATA ELEMENT F, LDF (RLIN)
a 7
b rip
c orignew
d 1
e ecip
f 20
g y-gencatlg
942 ## - ADDED ENTRY ELEMENTS (KOHA)
Source of classification or shelving scheme
Koha item type Book
Holdings
Withdrawn status Lost status Source of classification or shelving scheme Damaged status Not for loan Permanent Location Current Location Shelving location Date acquired Total Checkouts Full call number Barcode Date last seen Price effective from Koha item type
          Atta-ur-Rahman School of Applied Biosciences (ASAB) Atta-ur-Rahman School of Applied Biosciences (ASAB) Book Cart 11/15/2024   572 ROY 2019 3489 ASAb3489 11/15/2024 11/15/2024 Book
© 2023 Central Library, National University of Sciences and Technology. All Rights Reserved.